00450 2200169 4500001002100000008004100021035002000062245006200082100002800144250000600172260004200178300001200220084001400232082000800246650001400254990001200268INLIS000000000000603 ind  a0010-0424000579 aSukses Menggapai Olimpiade KimiacDrs. Riswiyanto S. M.Si aDrs. Riswiyanto S. M.Si a1 aJakarta :bBina Prestasi Insanic2009 a292 hlm a540 RIS s a540 aNon Fiksi a0722405